000 00597nam#a22002295a#4500
001 2609
245 1 0 _aEl libro de los abrazos /
_cEduardo Galeano.
250 _a1ยช ed.
260 _aBuenos Aires :
_bSiglo Veintiuno Editores,
_c2015.
300 _a272 p. ;
_bil. byn. ;
_c21 cm.
490 0 _aBiblioteca eduardo Galeano
020 _a9789876295093
100 1 _aGaleano, Eduardo.
080 _a82-36
084 _aG 18
653 _aNarrativa
040 _aAR-ClEAG
_cAR-ClEAG
008 151221s2015####ag############000#0#und#d
005 20241107184750.0
003 AR-ClEAG
942 _cBK
999 _c2609
_d2609
980 _62
_aEvangelina Gallicchio
_82
_gEvangelina Gallicchio